Open Data Biblioteca Nacional de Portugal


República Portuguesa: Ministério da Cultura
Biblioteca Nacional de Portugal

Catálogo da BNP: acesso por Identificadores Unívocos
Registos Bibliográficos associados ao registo de autoridade

Etiqueta de registo: 00254nam 2200025 450
001 2286251
003 http://id.bnportugal.gov.pt/bib/catbnp/2286251
021 ## $aPT$b539955/24
100 ## $a20260513d2024 m y0pory01030103ba
101 0# $apor$aspa
102 ## $aPT
105 ## $aa z 000yy
106 ## $ar
200 1# $aTejo acima$ememórias antigas$dTajo arriba$eviejos recuerdos$forg. Confraria Ibérica do Tejo$gcoord. João Monteiro Serrano, Enrique García Gómez$zspa
210 #9 $a[S.l.]$cConfraria Ibérica do Tejo,$d2024
215 ## $a149, [1] p.$cil.$d23 cm
305 ## $aEdição bilingue em português e espanhol
510 1# $aTajo arriba$eviejos recuerdos$zspa
607 ## $aRio Tejo (Espanha e Portugal)$z1890-1970$xFotografias$2SIPOR$32001441
675 ## $a908(282.246)(469)"189/197"$vBN$zpor$32001451
675 ## $a77.03$vBN$zpor$3290160
702 #1 $aSerrano,$bJoão Monteiro$4340$3993590
702 #1 $aGarcía Gómez,$bEnrique$4340$31712014
712 02 $aConfraria Ibérica do Tejo$31998286
801 #0 $aPT$bBN$gRPC
856 41 $uhttp://rnod.bnportugal.gov.pt/ImagesBN/winlibimg.aspx?skey=&doc=2286251&img=223693&save=true
966 ## $lBN$mFGMON$sH.G. 89288 V.$x1
966 ## $lBN$mFGMON$sH.G. 89288 V.-D$x1
971 ## $cisantos$d20260513
973 ## $caalmeid$d20260623

OpendataBNP@bnportugal.pt | Mais informação sobre acesso aos dados BNP